| 000 | 00492nam a2200181Ia 4500 | ||
|---|---|---|---|
| 003 | GCL | ||
| 008 | 140319s9999 xx 000 0 ara d | ||
| 040 |
_aGCL / _cGCL |
||
| 082 | 0 | 4 |
_a817.008 _bم ض |
| 100 | 1 | _aمحمد قرة على | |
| 245 | 1 | 0 |
_aالضاحكون / _cمحمد قرة على |
| 260 |
_a[S.N] : _bمؤسسة نوفل ، _c1988 |
||
| 300 | _a504 ص | ||
| 490 | _a | ||
| 650 | 0 | 4 | _aالادب العربى |
| 650 | 0 | 4 | _aالاهاجى والفكاهات |
| 942 |
_2ddc _cBK |
||
| 999 |
_c56111 _d56111 |
||